000 00885nam a2200265 i 4500
001 bg
100 1 _aKącki, Edward
_d(1925- ).
245 1 0 _aRównania różniczkowe cząstkowe w zagadnieniach fizyki i techniki /
_cEdward Kącki.
250 _aWyd. 4.
260 _aWarszawa :
_bWydawnictwa Naukowo-Techniczne,
_c1995.
300 _a505, [3] s. :
_brys., wykr. ;
_c24 cm.
504 _aBibliogr. s. 500-501. - Indeks.
521 _aKsiążka przeznaczona dla inżynierów i studentów wyższych uczelni technicznych.
650 9 _aElektrotechnika
_xmatematyka
650 9 _aFizyka
_xmatematyka
650 9 _aRównania różniczkowe
_xstosowanie
655 _aPodręczniki akademickie
020 _a8320418496
040 _cBPK
041 0 _apol
080 _a517.9:53:62](075.8)
920 _a83-204-1849-6
942 _cKS
008 990607s1995 pl f |000 0 pol
999 _c34542
_d34542
856 _uhttp://koha.tu.koszalin.pl/cgi-bin/koha/opac-detail.pl?biblionumber=34542
_yKatalog online BPK